| 000 | 00505na a2200193 4500 | ||
|---|---|---|---|
| 001 | 23251 | ||
| 003 | MIRAKIL | ||
| 005 | 20181213154822.0 | ||
| 008 | 170818b tu 000 0 | ||
| 040 |
_aMilas _btur _cTR-AnCHP |
||
| 041 | _atur | ||
| 100 | _aKumcuoğlu, Ümit Ertuğ | ||
| 245 |
_aDüşündükçe _cÜmit Ertuğ Kumcuoğlu |
||
| 260 |
_aAnkara _b[yayl.y.] _c[2001] _fNabu ofset |
||
| 300 |
_a237 s. _c24 sm. |
||
| 500 | _aGEÇİCİ KATALOG KAYDIDIR. | ||
| 942 |
_2ddc _cBKS |
||
| 999 |
_c1431 _d1431 |
||